000 00478cam a2200193ua 4500
001 2183
005 20260515113445.0
008 110804n ii |||gr||||Z||||||eng
040 _cMAIN
082 _a370
100 _aBhatia, K. K.,
_eAuthor.
245 1 _aFirst course in education
_cby K. K. Bhatia
250 _a1st.
260 _aLudhiana:
_bKalyani Publishers,995.
300 _a268p:
_c23cm.
653 _aEducation
653 _aFirst course in education
942 _cBK
999 _c2049
_d2049